Making Aid Work, 2017

গ্রন্থ-পঞ্জীর বিবরন
প্রধান লেখক: Abhijit Banerjee
বিন্যাস: অজ্ঞাত
প্রকাশিত: MIT Press
LEADER 00182 a2200085 4500
020 |a 9780262534116 
100 |a Abhijit Banerjee 
245 |a Making Aid Work, 2017 
260 |b MIT Press 
999 |c 41890  |d 41890